00263nam a2200097Ia 4500082000800000245002200008100006800030942000700098008004100105999001900146 aVAN 0aMan in die skadu  a VAN ZYL, Irene Pretoria, 1989 Grootdrukuitg 913163 cBK210817s9999 xx 000 0 und d c412435d412434